000 00633nam a22002177a 4500
003 UA-OsUOA
001 39534
007 ta
008 20060621b un ||||| |||| 00| 0 ukr d
100 _aКаргер М.М
090 _a7.01(091)
_bК21
942 _cCR
040 _aUA-OsUOA
_cUA-OsUOA
_dUA-OsUOA
245 _aИстория искусства
300 _a264 с.
955 _a0
080 _a7.01(091)
260 _aЛенинград
_bИздательство Ленинградского университета
_c1954
650 7 _a7.0 Загальні питання мистецтва
_2UDC
999 _c325675
_d325675